00134nam a22000737a 4500245002100000250000900021260002200030300000800052 aXam Idea Physics a2024 bV.K. Publicatoin a576